00900nam a2200241 i 4500001000300000100001900003245013100022246005500153260003600208300002600244490003700270500005700307650002200364655001800386700002600404830003700430020002100467040000800488041001100496080001200507008004100519856009800560bg1 aDUBOIS, Brenda10aPraca socjalna :bzawód, który dodaje sił.nT. 1 /cBrenda Dubois, Karla Krogsrud Miley ; tł. [z ang.] Krzysztof Czekaj. iTyt. oryg.:aSocial work. An empowering profession aKatowice :b"Śląsk",c1999. a256, [1] s. ;c21 cm.1 aBiblioteka Pracownika Socjalnego aTyt. oryg.: "Social work. An empowering profession". 9aOpieka społeczna aPodręczniki1 aKROGSRUD-MILEY, Karla aBiblioteka Pracownika Socjalnego a8371641486 (t.1) cBPK1 aplhen a364(07) s pl f |000 0 pol  uhttp://koha.tu.koszalin.pl/cgi-bin/koha/opac-detail.pl?biblionumber=38485yKatalog online BPK